| 000 | 00641nam a2200169 ar4500 | ||
|---|---|---|---|
| 001 | 1167 | ||
| 005 | 20221127090142.0 | ||
| 008 | 090228s xxu 0001p|eng d | ||
| 020 |
_a1558494413 : _cSR00.00 |
||
| 082 | 0 | 4 |
_a811.5409 _bG449 2002 |
| 245 | 0 | 0 |
_aGiving their word : _bconservations with contemporary poets / _cedited by Steven Ratiner. |
| 260 |
_aAmherst, Mass. ; _aBoston : _bUniversity of Massachusetts Press, _c2002. |
||
| 300 |
_axiii, 268 p. ; _c23 cm. |
||
| 650 | 4 |
_aAmerican poetry _y20th century _xHistory and criticism. |
|
| 650 | 4 |
_aAmerican literature _y20th century _xHistory and criticism. |
|
| 700 | 0 |
_aRatiner, Steven, _eeditor. |
|
| 999 |
_c1166 _d1166 |
||